| 000 | 00619nam 22002173 4500 | ||
|---|---|---|---|
| 001 | 5968 | ||
| 021 | _b29588/89 | ||
| 090 | _a5968 | ||
| 100 | _a20211231d1989 u||y0pory50 ba | ||
| 200 |
_aA Quinta Essência _fMoebius, Jodorowsky |
||
| 210 |
_aLisboa _cMeribérica/Liber _d[1989] |
||
| 215 |
_a45 p. _cil. |
||
| 225 |
_aO Incal _fMoebius, Jodorowsky _v5 _h1 |
||
| 304 | _aLa Cinquieme Essence Tome 1 La Galaxie que Songe | ||
| 606 |
_91862 _aBanda Desenhada |
||
| 675 |
_a82-9 _zpor |
||
| 700 |
_95193 _aMoebius |
||
| 701 |
_95650 _aJodorowsky _f1929- |
||
| 801 |
_aPT _bBMVN _gRPC |
||
| 830 |
_cInês Silva _d31/12/2021 |
||
| 990 | _cLIVROS | ||